000 00400pab a2200157 454500
008 180718b2007 xxu||||| |||| 00| 0 eng d
100 _aRaja, B. William Dharma
245 _aDoes professional satisfaction of teachers impact their efficiency?
260 _c2007
300 _ap.13-14, 18.
362 _a4 Jun
650 _aTeachers
773 _aUniversity News
908 _aN
909 _a74584
999 _c74584
_d74584